Shott guide to glass

Bibliographic Details
Main Author: Pfander, Heinz G.
Other Authors: Schoeder, Hubert
Format: Book
Published: New York : Van Nostrand Reinhold , 1983
Subjects:

MARC

LEADER 00000cam a2200000 7i4500
001 0000004124
005 20050616.0
020 |a 0442274327 
040 |a INS 
090 0 0 |a TP857.   |b P4513 1983 
100 1 |a Pfander, Heinz G. 
245 1 0 |a Shott guide to glass   |c Heinz G. Pfander 
260 |a New York :   |b Van Nostrand Reinhold ,   |c 1983 
300 |a 179p. ;   |c 21 cm. 
500 |a Includes index 
650 0 0 |a Glass 
700 1 |a Schoeder, Hubert 
999 |a 0000003734   |b BOOK   |c Open Shelf   |e Default branch